RESPIRATORY SECRETIONS IN HEALTH AND DISEASE

Bibliographic Details
Main Authors: Kapellerová, Alica, 1933-2014 (Author), King, M. (Author), Rubin, B. K. (Author)
Format: Article
Language:English

MARC

LEADER 00000nab a2200000ua 4500
001 vtls010803604
003 SK-MaSNL
005 20260304013255.0
008 230222s1994 xo |||||||||||||||||eng|
035 |a (urnnbn)urn:nbn:sk:snk:ar-a0683s 
035 |a (uuid)be8d3316-07bb-4411-a383-b49accd4f1fe 
035 |a urn:nbn:sk:snk-ab4wvt 
040 |a SNKBUCL  |b slo  |c SNKBUCL  |e AACR2 
041 0 |a eng 
044 |a xo  |c SK 
100 1 |a Kapellerová, Alica,  |d 1933-2014  |4 aut  |9 25740 
245 1 0 |a RESPIRATORY SECRETIONS IN HEALTH AND DISEASE  |c A. Kapellerová, M. King, B. K. Rubin 
700 1 |a King, M.  |4 aut  |9 1294045 
700 1 |a Rubin, B. K.  |4 aut  |9 1294046 
773 0 |t Studia pneumologica et phtiseologica : časopis Slovenskej pneumologickej a ftizeologickej spoločnosti a České pneumolologické a ftizeologické společnosti  |g Roč. 54, č. 4 (1994), s. 245-258 
958 |a OND 
958 |a EUIPO 
958 |a article3 
999 |c 2575147  |d 2577077